书目信息 |
| 题名: |
第一性原理材料计算基础
|
|
| 作者: | 周健 , 梁奇锋 编著 | |
| 分册: | ||
| 出版信息: | 北京 科学出版社 2019.10 |
|
| 页数: | 201页 | |
| 开本: | 24cm | |
| 丛书名: | 南京大学材料科学与工程系列丛书 | |
| 单 册: | ||
| 中图分类: | TB3 | |
| 科图分类: | ||
| 主题词: | 工程材料 | |
| 电子资源: | ||
| ISBN: | 978-7-03-062610-3 | |
| 000 | 00735nam0 2200229 45 | |
| 001 | 2353766972 | |
| 005 | 20230209150429.78 | |
| 010 | @a978-7-03-062610-3@dCNY 78.00 | |
| 100 | @a20230209d2019 km y0chiy0120 ea | |
| 101 | 0 | @achi |
| 102 | @aCN@b110000 | |
| 200 | 1 | @a第一性原理材料计算基础@Adi yi xing yuan li cai liao ji suan ji chu@f周健, 梁奇锋编著@Fzhou jian,liang qi feng bian zhu |
| 210 | @a北京@c科学出版社@d2019.10 | |
| 215 | @a201页@d24cm | |
| 225 | 2 | @a南京大学材料科学与工程系列丛书 |
| 410 | 0 | @12001 @a南京大学材料科学与工程系列丛书 |
| 606 | 0 | @a工程材料 |
| 690 | @aTB3@v4 | |
| 701 | 0 | @a周健@Azhou jian@4编著 |
| 701 | 0 | @a梁奇锋@Aliang qi feng@4编著 |
| 801 | 0 | @aCN@b河南城建学院图书馆@c20230209 |
| 905 | @dTB3@eZ775 | |
| 第一性原理材料计算基础/周健, 梁奇锋编著.-北京:科学出版社,2019.10 |
| 201页;24cm.-(南京大学材料科学与工程系列丛书) |
| ISBN 978-7-03-062610-3:CNY 78.00 |
| ● |
| 相关链接 |
|
|
|
正题名:第一性原理材料计算基础
索取号:TB3/Z775
 
预约/预借
| 序号 | 登录号 | 条形码 | 馆藏地/架位号 | 状态 | 备注 |
| 1 | 1507846 | 215078467 | 材料与化工学院资料室/ [索取号:TB3/Z775] | 在馆 | |
| 2 | 1507847 | 215078476 | 材料与化工学院资料室/ [索取号:TB3/Z775] | 在馆 |